| 000 | 00000nam##2200000za#4500 |
| 001 | 9.700220 |
| 003 | CaOODSP |
| 005 | 20210625000733 |
| 007 | cr ||||||||||| |
| 008 | 150407|2015||||xxc|||||o f|0| 0 eng|d |
| 020 | |a978-1-100-23382-6 |
| 040 | |aCaOODSP|beng |
| 043 | |an-cn--- |
| 086 | 1 |aEm12-8/2015E-PDF |
| 110 | 1 |aCanada. |bEmployment and Social Development Canada. |
| 245 | 10|aWhen work and caregiving collide : |h[electronic resource]|bhow employers can support their employees who are caregivers |
| 246 | 13|aCanadian Employers for Caregivers Plan |
| 260 | |aGatineau - Quebec : |bEmployment and Social Development Canada |cc2015. |
| 300 | |a52p.|btables |
| 590 | |a15-10|b2015-03-06 |
| 690 | 07|aCaregivers|2gcpds |
| 775 | 08|tQuand il faut jongler entre travail et soins : |w(CaOODSP)9.644116 |
| 776 | 0#|tCaregivers report |w(CaOODSP)9.677925 |
| 776 | 0#|tJongler entre travail : rapport |w(CaOODSP)9.677926 |
| 856 | 40|ahttp://publications.gc.ca|qPDF|s4.05 MB|uhttps://publications.gc.ca/collections/collection_2015/edsc-esdc/Em12-8-2015-eng.pdf |
| 986 | |aSP-1080-01-15E |